| 000 | 01321nam a2200301Ia 4500 | ||
|---|---|---|---|
| 001 | 61770345 | ||
| 003 | OCoLC | ||
| 005 | 20171218224048.0 | ||
| 008 | 051004t20052001nyuab j 000 1 spa d | ||
| 020 |
_a0439765617 (pbk.) : _c$4.50 |
||
| 020 | _a9780439765619 (pbk.) | ||
| 040 |
_aDAJ _cDAJ |
||
| 041 | _aspa | ||
| 100 | 1 | _aWilliams, Laura E. | |
| 245 | 1 | 3 |
_aEl misterio de la maldicion de la mala suerte / _cLaura E. Williams. |
| 260 |
_aNew York : _bScholastic, _c2005, c2001. |
||
| 300 |
_a125 p. : _bill., map ; _c20 cm. |
||
| 440 | 0 | _aMisterios del faro de mystic. | |
| 520 | _aMany years ago a terrible crime was committed in Mystic, Maine. The ghost of the criminal is said to haunt the area and that anyone who disturbs the scene of the crime will be struck with a bad luck curse. When archaeologists try to figure out what happened strange things occur. Jen and Zeke must uncover the secrets of the old legend before the curse turns deadly. | ||
| 521 | _aNew December 2006. | ||
| 521 | _aSpanish language collection. | ||
| 650 | 0 |
_aBuried treasure _vJuvenile fiction. |
|
| 650 | 0 |
_aCaribbean Area _vJuvenile fiction. |
|
| 650 | 0 | _aMystery and detective stories. | |
| 650 | 0 |
_aShipwrecks _zCaribbean Area _vJuvenile fiction. |
|
| 650 | 0 |
_aSpanish language materials _vJuvenile fiction. |
|
| 942 | _cBK | ||
| 999 |
_c19170 _d19170 |
||